000 00330 a2200157 4500
001 172773
020 _a
040 _cMagnum
100 _aPereira, Regina Lúcia Pontes
240 1 0 _aPra lá e pra cá
_lpor
245 1 0 _aPra lá e pra cá
300 _a15
362 0 _a1991
697 _aLITERATURA INFANTO
942 _cBK
999 _c172773
_d172773